Handbuch der Pflanzenkrankheiten /

Bibliographic Details
Other Authors: Sorauer, Paul, 1839-1916, Appel, Otto
Format: Book
Language:German
Published: Berlin : P. Parey, 1933-
Edition:6th neuarb. Aufl.
Subjects:

MARC

Tag First Indicator Second Indicator Subfields
LEADER 00000cam a2200000I 4500
001 in00000044444
005 20151007072944.0
008 800607m19339999gw a b 001 0 ger d
016 7 |a 0106770  |2 DNLM 
019 |a 14528711 
029 1 |a NLM  |b 0106770 
029 1 |a NLGGC  |b 226543978 
035 |a (OCoLC)ocm06396779 
035 |a (OCoLC)06396779 
035 |9 AAE8867AM 
035 |a (OCoLC)6396779  |z (OCoLC)14528711 
040 |a TXA  |c TXA  |d OCL  |d NLM  |d MUQ  |d TXA  |d UtOrBLW 
049 |a TXAM 
060 0 0 |a SB 731  |b S713h 1933 
090 |a SB601  |b .H29 
092 |a 581.21  |b S713h6 
245 0 0 |a Handbuch der Pflanzenkrankheiten /  |c begründet von Paul Sorauer ; in sechs Bänden heraugegeben von Dr. O Appel. 
246 1 4 |a Handbuch der Pflanzen-Krankheiten 
250 |a 6th neuarb. Aufl. 
264 1 |a Berlin :  |b P. Parey,  |c 1933- 
300 |a volumes :  |b illustrations ;  |c 25 cm. 
336 |a text  |b txt  |2 rdacontent 
337 |a unmediated  |b n  |2 rdamedia 
338 |a volume  |b nc  |2 rdacarrier 
500 |a Bd. 2 dated 1954. 
504 |a Includes bibliographical references and indexes. 
505 1 |a Bd.1 [T.1-2] Die nichtparasitären und Virus-Krankheiten -- Bd. 2. Viruskrankheiten, 1. Lieferung. 
650 0 |a Plant diseases. 
650 0 |a Agricultural pests. 
650 6 |a Plantes  |x Maladies et fléaux. 
650 2 |a Plants. 
700 1 |a Sorauer, Paul,  |d 1839-1916. 
700 1 |a Appel, Otto. 
949 |a updated  |b h  |c 2008/8/12  |e fpiscitelli  |f 8:04:22 pm 
994 |a C0  |b TXA 
999 |a MARS 
999 f f |s 5d376651-54f4-3116-a5a3-7f07209785d9  |i b038ef5f-0be3-318d-9132-d58f2aca1fb3  |t 0 
952 f f |p ric  |a Texas A&M University  |b Rellis Campus  |c Joint Library Facility  |d Remote Storage  |t 0  |e SB601 .H29  |h Library of Congress classification  |i unmediated -- volume  |k Bd.1:T.2  |m A14800989374 
952 f f |p ric  |a Texas A&M University  |b Rellis Campus  |c Joint Library Facility  |d Remote Storage  |t 0  |e SB601 .H29  |h Library of Congress classification  |i unmediated -- volume  |k Bd.2  |m A14800989382 
952 f f |p ric  |a Texas A&M University  |b Rellis Campus  |c Joint Library Facility  |d Remote Storage  |t 0  |e SB601 .H29  |h Library of Congress classification  |i unmediated -- volume  |k Bd.1:T.1  |m A14800989366 
998 f f |a SB601 .H29  |s Bd.2  |t 0  |l Remote Storage